Alpine Skiing - The Downhill Classics: Wengen, Kitzbühel, Gröden - Statistics

General Stats
  • This quiz has been taken 966 times
    141 since last reset
  • The average score is 64 of 163
Answer Stats
Year Wengen % Correct
1969 | 1971 | 1972 | +3 others -
100%
2024 | 2025 Marco Odermatt
91%
2026 Marco Odermatt
86%
2013 | 2017 | 2019 | 2023 Dominik Paris
80%
2020 Matthias Mayer
76%
2016 Max Franz
76%
2012 | 2018 | 2020 | +2 others Beat Feuz
73%
2026 Giovanni Franzoni
71%
1998 | 2001 Hermann Maier
69%
2025 von Allmen Franjo
69%
2015 | 2016 | 2017 Aksel Svindal
64%
2022 | 2023 Aleksander Aamodt Kilde
64%
2018 | 2020 Alexander Aamodt Kilde
64%
2007 | 2008 Bode Miller
63%
2010 | 2011 | 2012 Dider Cuche
63%
2008 Didier Cuche
63%
2019 | 2022 Vincent Kriechmayr
56%
1975 | 1976 | 1977 | +2 others Franz Klammer
51%
2015 Kjetil Jansrud
51%
2024 Cyprien Sarrazin
50%
2001 | 2002 | 2003 | 2004 Stephan Eberharter
47%
2025 James Crawford
44%
1985 | 1987 | 1989 Pirmin Zurbriggen
43%
2010 Silvan Zurbriggen
43%
2013 Christof Innerhofer
40%
2016 Peter Fill
40%
1995 | 1996 | 1997 | +3 others Christian Ghedina
37%
2005 | 2006 | 2007 | 2008 Michael Walchhofer
34%
1997 | 2000 Fritz Strobl
33%
2014 | 2015 Hannes Reichelt
33%
2000 Josef Strobl
33%
1998 | 1999 Lasse Kjus
33%
1995 | 1996 Luc Alphand
33%
1990 | 1991 | 1992 Franz Heinzer
29%
2003 | 2006 Daron Rahlves
27%
2009 Didier Defago
27%
1989 Marc Girardelli
27%
2018 Thomas Dressen
27%
2010 Carlo Janka
26%
2021 | 2023 Bryce Bennett
24%
2011 Klaus Kröll
24%
1980 Ken Read
23%
1979 | 1980 | 1988 Peter Müller
23%
2003 Bruno Kernen
20%
1999 Hans Knauss
20%
1972 Karl Schranz
20%
2013 Erik Guay
19%
2014 Patrick Küng
19%
1993 | 1994 | 1995 Patrick Ortlieb
19%
1978 | 1979 Sepp Ferstl
19%
2006 | 2012 | 2014 Steven Nyman
19%
1989 | 1991 Daniel Mahrer
17%
1996 Günther Mader
17%
1987 Markus Wasmeier
17%
2002 | 2003 Antoine Deneriaz
16%
1980 | 1982 Harti Weirather
16%
1992 Leonhard Stock
16%
2005 Marco Büchel
16%
1981 | 1982 Steve Podborski
16%
1999 Andras Schifferer
14%
1998 Andreas Schifferer
14%
1984 | 1985 | 1988 Helmut Höflehner
14%
2009 Manuel Osborne-Paradis
14%
1990 Atle Skardal
13%
1984 Bill Johnson
13%
1978 Josef Walcher
13%
1985 | 1986 Peter Wirnsberger
13%
1973 | 1974 Roland Collombin
13%
1983 Urs Räber
11%
1992 | 1994 William Besse
11%
1982 Conradin Cathomen
10%
1993 Markus Foser
10%
2004 Max Rauffer
10%
1983 Todd Brooker
10%
1995 Kyle Rasmussen
9%
1986 | 1987 Rob Boyd
9%
1981 Erwin Resch
7%
1981 Toni Bürgler
7%
1970 Henri Duvillard
6%
1976 Herbert Plank
4%
1973 -
0%
No matching quizzes found
Score Distribution
Percent of People with Each Score
Percentile by Number Answered
Your Score History
You have not taken this quiz since the last reset